000 01194nam a2200205Ia 4500
003 Ost
005 20260507075407.0
008 260507s9999||||xx |||||||||||||| ||und||
040 _cfsecg
041 _aara
082 _a330
100 _aدبيان، السيد عبد المقصود
_eمؤلف
245 0 _aنظم محاسبة التكاليف لأغراض القياس :
_bصناعة المراحل والمقاولات والبترول والخدمات /
_c السيد عبد المقصود دبيان
260 _aالإسكندرية:
_bمكتبة الوفاء القانونية,
_c2012
300 _a348 صفحة؛
_bإيضاحات ؛
_c25 سم
520 _aقياس تكاليف الإنتاج في صناعة المراحل، خسائر التشغيل في عناصر التكاليف والمنتجات، نظام تكاليف المنتجات المتصلة والفرعية، نظام التكاليف في الوحدات الخدمية، نظام تكاليف العمليات، نظام الإنتاج وقياس التكلفة من خلال التدفق العكسي
653 _aضبط التكاليف
653 _aمحاسبة التكاليف
942 _cكتاب
999 _c44332
_d44332